00471nam a2200169Ia 450000500170000000800410001702000150005808200130007310000210008624500150010726000410012230000120016365000100017594200060018595200950019199900150028620250703023107.0240331s9999 xx 000 0 und d a9559052233 bRUNa820 aRuwanpathirana,M 0aDuu kumari aColombobCentre for women's Research a15 p ., aWomen cL 001040708LaWERCLbWERCLcSSCd2024-03-31l0o 820 RUNp2102r2024-03-31w2024-03-31yL c5168d5168